000 00700nam a2200217Ia 4500
003 GCL
008 140319s9999 xx 000 0 ara d
020 _a4217172977
040 _aGCL /
_cGCL
082 0 4 _a027.625
_bم م
100 1 _aمحمد فتحى عبدالهادى
245 1 0 _aمكتبات الاطفال /
_cمحمد فتحى عبدالهادى
700 1 _aحسن محمد عبد الشافى
700 1 _aمحسن السيد العرينى
700 1 _aحامد الشافعى دياب
300 _a223 ص ؛
_c24 سم.
650 0 4 _aمكتبات الاطفال
650 0 4 _aادب الاطفال
650 0 4 _aالمكتبات غير المتخصصة
942 _2ddc
_cBK
999 _c48335
_d48335